[Event "vem koko"]
[Site "http://www.queenalice.com/game.php?id=698497"]
[Date "2009.12.15"]
[Round "-"]
[White "mauriciofs"]
[Black "clucenas"]
[Result "0-1"]
[WhiteElo "1450"]
[BlackElo "967"]

1. e4 e5 2. Nf3 Nf6 3. Nxe5 Rg8 4. Qe2 d6 5. Qb5+ c6 6. Qb4 dxe5 7. Qa4 b5 8.
Qb3 Nxe4 9. Bxb5 cxb5 10. Qxb5+ Bd7 11. Qxe5+ Qe7 12. d4 Nc6 13. Qd5 Rb8 14. f3
Nf6+ 15. Qe4 Nxe4 16. fxe4 Qxe4+ 17. Kd2 Qxg2+ 18. Ke1 Qxh1+ 19. Kd2 Bg4 0-1

[Event "vem pro bang"]
[Site "http://www.queenalice.com/game.php?id=699484"]
[Date "2009.12.17"]
[Round "-"]
[White "Eski"]
[Black "clucenas"]
[Result "0-1"]
[WhiteElo "1158"]
[BlackElo "967"]

1. e4 e5 2. Bc4 Nf6 3. Nf3 Nxe4 4. Nxe5 Nc6 5. Qf3 Qe7 6. Bxf7+ Kd8 7. d3 Nxe5
8. Qf4 Nxf7 9. dxe4 g5 10. Qg3 Qxe4+ 11. Be3 Bb4+ 12. c3 Bd6 13. Qh3 b6 14. Nd2
Qc2 15. O-O Qxb2 16. Rfc1 Re8 17. Qf3 Re7 18. Rcb1 Qxc3 19. Rb3 Qxa1+ 20. Nb1
Qxa2 21. Qxa8 Qxb3 22. g3 Re4 23. Qxe4 Bc5 24. Bd2 Qd1+ 25. Be1 d5 26. Qe3 d4
27. Qe4 Nd6 28. Qe5 Qf3 29. Qh8+ Ne8 30. Nd2 Qe2 31. Qxh7 Qxe1+ 32. Nf1 d3 33.
Qxd3+ Bd7 34. Qd2 Qxd2 35. Nxd2 a5 0-1

[Event "Megalomaniacos"]
[Site "http://www.queenalice.com/game.php?id=699551"]
[Date "2009.12.17"]
[Round "-"]
[White "witto"]
[Black "clucenas"]
[Result "0-1"]
[WhiteElo "1507"]
[BlackElo "1012"]

1. e4 c5 2. Bc4 e6 3. d3 Qa5+ 4. Nc3 Nf6 5. Nf3 d5 6. Bb5+ Nc6 7. exd5 exd5 8.
O-O d4 9. Bxc6+ bxc6 10. Ne4 Nxe4 11. dxe4 c4 12. Qxd4 Qd8 13. Qxc4 Qd7 14. Ne5
Qe6 15. Qc3 Ba6 16. Rd1 Rd8 17. Bf4 Be2 18. Rd3 g5 19. Nxc6 Rxd3 20. cxd3 gxf4
21. Nd4 Qg4 22. f3 Qh4 23. Qc8+ Qd8 24. Qc3 Bc5 25. Qxc5 Rg8 26. Nxe2 Qxd3 27.
Nxf4 Qd2 28. Nd5 Qxg2# 0-1

[Event "Nega nego veio"]
[Site "http://www.queenalice.com/game.php?id=699554"]
[Date "2009.12.17"]
[Round "-"]
[White "clucenas"]
[Black "dooor"]
[Result "0-1"]
[WhiteElo "1012"]
[BlackElo "1068"]

1. e4 Nf6 2. Nc3 d6 3. Nd5 Nxd5 4. exd5 Na6 5. Nf3 Bg4 6. h3 Bf5 7. Nd4 Be4 8.
Qg4 Bxd5 9. Qf5 g6 10. Qxd5 c6 11. Nxc6 Qc8 12. Qb5 bxc6 13. Qxa6 Qe6+ 14. Be2
Qe4 15. Qb7 Rd8 16. d3 Qxg2 17. Be3 Qxh1+ 18. Kd2 Qxa1 19. Bxa7 Bg7 20. Bb6 Qxb2
21. Qc7 O-O 22. Qxe7 Bc3+ 23. Ke3 Rde8 24. Qxe8 Rxe8+ 0-1

[Event "1 X 0 "]
[Site "http://www.queenalice.com/game.php?id=700083"]
[Date "2009.12.18"]
[Round "-"]
[White "Eski"]
[Black "clucenas"]
[Result "1-0"]
[WhiteElo "1066"]
[BlackElo "1060"]

1. d4 e6 2. Nf3 Nc6 3. Nc3 f5 4. Bg5 Be7 5. d5 exd5 6. Qxd5 Nf6 7. Qxf5 h6 8.
Be3 Rf8 9. Qg6+ Rf7 10. Bd2 d5 11. e4 Nb4 12. exd5 Nbxd5 13. Nxd5 Nxd5 14. Ne5
Qd6 15. Qxf7+ Kd8 16. Qg8+ Bf8 17. Nf7+ 1-0

[Event "Leke A vingança"]
[Site "http://www.queenalice.com/game.php?id=701448"]
[Date "2009.12.21"]
[Round "-"]
[White "witto"]
[Black "clucenas"]
[Result "1-0"]
[WhiteElo "1516"]
[BlackElo "1035"]

1. e4 e5 2. Qh5 Nf6 3. Qxe5+ Qe7 4. Qxe7+ Bxe7 5. Nc3 a5 6. Nf3 Bc5 7. d4 Be7 8.
Bg5 h6 9. Bxf6 gxf6 10. O-O-O Rg8 11. g3 Nc6 12. Nb5 Kd8 13. d5 Ne5 14. Nxe5
fxe5 15. d6 cxd6 16. Nxd6 Bxd6 17. Rxd6 Ra6 18. Bxa6 bxa6 19. Rxh6 Bb7 20. Rb6
Kc8 21. Rd1 Rd8 22. Rd3 Kc7 23. Rdb3 Bc6 24. Rxa6 Rb8 25. Rxa5 Rxb3 26. cxb3
Bxe4 27. Rxe5 f5 28. h4 d6 29. Re7+ Kd8 30. Ra7 d5 31. h5 d4 32. h6 f4 33. h7
Bxh7 34. Rxh7 fxg3 35. fxg3 d3 36. g4 d2+ 37. Kxd2 1-0

[Event "1 X 1 Leke"]
[Site "http://www.queenalice.com/game.php?id=701922"]
[Date "2009.12.22"]
[Round "-"]
[White "clucenas"]
[Black "Eski"]
[Result "0-1"]
[WhiteElo "1056"]
[BlackElo "1137"]

1. e4 e5 2. Nf3 Nc6 3. h4 Nf6 4. Qe2 d6 5. h5 Bg4 6. Rh4 Bxh5 7. Qc4 Qd7 8. g3
Na5 9. Qb4 b6 10. Bh3 Bg4 11. Nc3 Bxh3 12. Ng5 c5 13. Qa4 Bf5 14. exf5 O-O-O 15.
Qxd7+ Rxd7 16. Nge4 g5 17. Rg4 Nxg4 18. f3 Nh2 19. Nf6 Nxf3+ 20. Kf2 g4 21. Nxd7
Kxd7 22. d3 h5 23. Bg5 Nxg5 24. Nb5 Nh3+ 25. Kg2 Rh6 26. Nxa7 Rf6 27. Rf1 c4 28.
dxc4 Nxc4 29. a4 Ne3+ 30. Kh1 Nxf1 0-1

[Event "Nóis leke"]
[Site "http://www.queenalice.com/game.php?id=701932"]
[Date "2009.12.22"]
[Round "-"]
[White "clucenas"]
[Black "dooor"]
[Result "1-0"]
[WhiteElo "1073"]
[BlackElo "1286"]

1. d4 Nc6 2. e3 e6 3. f4 Nf6 4. Nf3 Bb4+ 5. c3 Bf8 6. Nbd2 a6 7. a4 Ng4 8. Ng5
Nxe3 9. Qh5 g6 10. Qf3 Nc2+ 11. Ke2 Nxa1 12. b4 a5 13. b5 Nb8 14. Nc4 Nb3 15.
Ne5 Nxc1+ 16. Kd1 Nb3 17. Nexf7 Qf6 18. Nxh8 Qxh8 19. f5 gxf5 20. Qh5+ Kd8 21.
Nf7+ Ke7 22. Nxh8 Kd8 23. Qf7 Be7 24. Qg8+ Bf8 25. Qxf8# 1-0

[Event "Pato"]
[Site "http://www.queenalice.com/game.php?id=705462"]
[Date "2009.12.29"]
[Round "-"]
[White "mauriciofs"]
[Black "clucenas"]
[Result "1-0"]
[WhiteElo "1473"]
[BlackElo "1098"]

1. d4 e6 2. Nc3 Nc6 3. Nf3 b6 4. e3 g6 5. Bb5 Nb4 6. a3 Nd5 7. O-O c6 8. Bd3 c5
9. dxc5 bxc5 10. Ne5 Bg7 11. Nf3 Nh6 12. Be4 f5 13. Bxd5 exd5 14. Qxd5 Ba6 15.
Qxc5 Qc8 16. Qb4 Rb8 17. Qa5 Qc4 18. Re1 Ng4 19. h3 Ne5 20. Nxe5 Bxe5 21. Qxe5+
Kf7 22. Rd1 d6 23. Qxd6 Rb7 24. Qd5+ Qxd5 25. Rxd5 Bc4 26. g4 fxg4 27. hxg4 h5
28. Ne4 Bxd5 29. Ng5+ Kg7 30. e4 Bc4 31. b3 Ba6 32. Be3 Rd7 33. Ne6+ Kf7 34.
Ng5+ Ke7 35. Bc5+ Ke8 36. Re1 h4 37. Kg2 Rd2 38. c4 Rf8 39. e5 Bb7+ 40. Re4 Rd3
41. e6 Rg3+ 42. fxg3 hxg3 43. e7 Rh8 44. Ne6 Bxe4+ 45. Kxg3 a6 46. Nc7+ Kd7 47.
Nxa6 g5 48. Nb4 Rh1 49. Nd5 Ke8 50. Nf6+ Kf7 51. e8=Q+ Kxf6 52. Qxe4 Rh7 53.
Qxh7 Ke6 54. Qe7# 1-0

[Event "Challenge"]
[Site "http://www.queenalice.com/game.php?id=712130"]
[Date "2010.1.11"]
[Round "-"]
[White "billystar"]
[Black "clucenas"]
[Result "1-0"]
[WhiteElo "1339"]
[BlackElo "1096"]

1. d4 e6 2. e4 Nf6 3. Nc3 Nh5 4. Qxh5 g6 5. Qd1 a5 6. Nh3 Nc6 7. e5 Nb4 8. a3
Nd5 9. Bg5 Be7 10. Qd2 h6 11. Bxh6 c6 12. Nd1 a4 13. Bc4 Ra5 14. b4 Ra6 15. Bxa6
bxa6 16. Nf4 Rxh6 17. Nxd5 cxd5 18. Qxh6 Qb6 19. Qh8+ Bf8 20. c3 a5 21. Nb2 axb4
22. Nxa4 Qb5 23. axb4 Qc4 24. Qh3 Qb3 25. O-O Ba6 26. Rfe1 g5 27. Qg3 Bh6 28.
Nc5 Qb2 29. Rxa6 Qd2 30. f3 Qxc3 31. Ra8+ Ke7 32. Rh8 Qxd4+ 33. Qf2 Qxb4 34.
Rxh6 Qb6 35. Qe3 Qc6 36. Qxg5+ 1-0

[Event "2x1 leke ! go MD5 !"]
[Site "http://www.queenalice.com/game.php?id=714195"]
[Date "2010.1.15"]
[Round "-"]
[White "clucenas"]
[Black "Eski"]
[Result "0-1"]
[WhiteElo "1154"]
[BlackElo "1197"]

1. d4 d5 2. e3 e6 3. Nc3 c6 4. Nf3 Nf6 5. g3 h5 6. h3 g6 7. Ne5 Rh7 8. f4 Nbd7
9. Nxd7 Bxd7 10. a4 c5 11. Bb5 cxd4 12. exd4 Bb4 13. Bxd7+ Qxd7 14. Bd2 Rc8 15.
Nb5 Ne4 16. c3 Ba5 17. Nxa7 Rc7 18. Bc1 h4 19. Nb5 Rc4 20. Na3 Rxa4 21. b4 Nxc3
22. Qc2 Bxb4 23. O-O Qc6 24. Bd2 Ne2+ 25. Kf2 Bxa3 26. Qb3 Nxd4 27. Qd3 Qb6 28.
Rxa3 Nc2+ 29. Be3 d4 30. Rb3 Rb4 31. Rc3 Nxe3 32. Rc8+ Ke7 33. Rfc1 Rb3 34.
R1c7+ Kf6 35. Qe4 Kg7 36. Qe5+ Kh6 37. g4 Nd1+ 38. Ke1 Rb1 39. Rh8 Qb4+ 40. Kf1
Ne3+ 41. Kf2 Rf1+ 42. Ke2 Qb2+ 43. Kd3 Rd1+ 44. Ke4 Qb1+ 45. Kf3 Rf1+ 46. Ke2
Qd1# 0-1

[Event "Ela balança mas nao cai"]
[Site "http://www.queenalice.com/game.php?id=724679"]
[Date "2010.2.2"]
[Round "-"]
[White "dooor"]
[Black "clucenas"]
[Result "0-1"]
[WhiteElo "1204"]
[BlackElo "1096"]

1. b4 Na6 2. a3 e6 3. Bb2 c6 4. Nc3 g6 5. b5 Nc5 6. bxc6 dxc6 7. e3 Nf6 8. Qf3
e5 9. d3 Bg4 10. Qg3 Qd6 11. Ne4 Ncxe4 12. dxe4 Nxe4 13. Rd1 Qxd1# 0-1

[Event "Marginais"]
[Site "http://www.queenalice.com/game.php?id=731133"]
[Date "2010.2.13"]
[Round "2"]
[White "clucenas"]
[Black "Eski"]
[Result "1-0"]
[WhiteElo "1135"]
[BlackElo "1201"]

1. e3 e5 2. Nc3 d6 3. b4 Nc6 4. b5 Nce7 5. Nf3 c5 6. e4 b6 7. d3 g6 8. Ng5 Nh6
9. Nd5 Ng4 10. h3 Qd7 11. hxg4 f6 12. Nxh7 Bg7 13. Nhxf6+ Bxf6 14. Nxf6+ Kd8 15.
Nxd7 Bxd7 16. Rxh8+ Be8 17. Qd2 1-0

[Event "A sorte acaba um dia!!"]
[Site "http://www.queenalice.com/game.php?id=734662"]
[Date "2010.2.19"]
[Round "-"]
[White "dooor"]
[Black "clucenas"]
[Result "1-0"]
[WhiteElo "1281"]
[BlackElo "1140"]

1. e4 e5 2. Nf3 Nf6 3. d3 Nc6 4. a3 Bc5 5. b4 Bd4 6. c3 Bb6 7. c4 Ng4 8. c5 Bxc5
9. bxc5 Qe7 10. d4 exd4 11. Nxd4 Qxc5 12. Bb2 Nge5 13. Nb5 Rb8 14. Nxc7+ Kd8 15.
Nb5 d6 16. Nxd6 Qa5+ 17. Nc3 Ng4 18. Nxb7+ Kc7 19. Nxa5 Rxb2 20. Nc4 Nxf2 21.
Qc1 Ne5 22. Nxe5 Rd8 23. Qxb2 Nxh1 24. Nd5+ Kd6 25. Nxf7+ 1-0

[Event "Vamo nessa leke"]
[Site "http://www.queenalice.com/game.php?id=755284"]
[Date "2010.4.2"]
[Round "-"]
[White "dooor"]
[Black "clucenas"]
[Result "1-0"]
[WhiteElo "1303"]
[BlackElo "1130"]

1. e4 e5 2. Bc4 d6 3. Qf3 f6 4. Qb3 Qd7 5. Bxg8 d5 6. Bxd5 c6 7. Be6 Qxe6 8. Nh3
Qf7 9. Ng1 Be6 10. Qd3 Bc4 11. Qc3 b5 12. b3 b4 13. Qe3 Bb5 14. a3 Qh5 15. axb4
Bxb4 16. Rxa7 Rxa7 17. Qxa7 O-O 18. c3 Bd6 19. c4 Ba6 20. c5 Qf7 21. Qxf7+ Rxf7
22. cxd6 Rd7 23. Ba3 Bd3 24. Nc3 Rxd6 25. Bxd6 Nd7 26. Nf3 Nc5 27. Bxc5 Bxe4 28.
Nh4 g5 29. Nxe4 gxh4 30. Nxf6+ Kf7 31. Nxh7 e4 32. O-O Kg7 33. Ng5 Kf6 34. Nxe4+
Ke5 35. Re1 Kd5 36. f4 Ke6 37. g4 h3 38. f5+ Kf7 39. Ng5+ Kf6 40. Nh7+ Kf7 41.
g5 Kg7 42. g6 Kg8 43. Bd4 c5 44. Re8# 1-0